000 01189cam a2200289 i 4500
003 SA-RiAUC
005 20251029084212.0
008 251025s1994 su g 000r0 ara c
020 _z9960761607
040 _aSA-DmIAFU
_bara
_cSA-RiAUC
_erda
050 4 _b.R86 1994
082 0 4 _a252.5
_qSA-RiAUC
090 _a252.5
_bر م ي
100 1 _aالرميح، إسماعيل بن مرشود بن إبراهيم،
_d1386 هجري-
_eمؤلف.
245 1 0 _aإرشاد الناسك إلى أحكام المناسك /
_cإسماعيل بن مرشود بن إبراهيم الرميح.
250 _aالطبعة الأولى.
264 1 _aالرياض :
_bدار طويق للنشر والتوزيع،
_c1994
300 _a104 صفحة ؛
_c17 × 12 سم.
336 _aنص
_btxt
_2rdacontent
_3كتاب
337 _aبدون وسيط
_bn
_2rdamedia
338 _aمجلد
_bnc
_2rdacarrier
490 0 _aسلسلة الميسر في الأحكام الفقهية ؛
_v3
650 7 _aالحج (فقه إسلامي)
_xمناسك
_2aucsh
856 4 _uhttp://10.0.0.80:1110/28-08-2013/11%20(488).pdf
942 _2ddc
_cBOOK
_n0
949 _aSA-JeALM
_d251025
_umohamedma123
_n1
999 _c12760
_d12760